000 00643nam a2200193 4500
999 _c165114
_d165114
005 20190607161432.0
010 _aENG-125509
020 _a9780199495214
_c950.00
035 _aEN-109041
037 _bDBAD/PUB
082 _a363.325
100 _aFair, C. Christine
245 _aIn their own words :
_cby C.Christine Fair
_bunderstanding Lashkar-e-Tayyaba /
260 _aNew Delhi
_bOxford University Press
_c2019
270 _a2/11 Ground Floor
_bAnsari Road, Daryaganj, New Delhi
_e110002
300 _a307p.
_c22cm(Hb)
500 _aIncludes bibliographical references and index
942 _2ddc
_cEN
_h363.325
_mFAI